<?xml version="1.0" encoding="UTF-8"?>
<collection xmlns="http://www.loc.gov/MARC21/slim">
 <record>
  <leader>01260pmm a22002658a 4500</leader>
  <controlfield tag="001">00032976</controlfield>
  <controlfield tag="005">20171026081025.0</controlfield>
  <controlfield tag="008">150112s2014                  ||||||engsd</controlfield>
  <datafield tag="020" ind1="#" ind2="#">
   <subfield code="c">28000</subfield>
  </datafield>
  <datafield tag="041" ind1="0" ind2="#">
   <subfield code="a">eng</subfield>
  </datafield>
  <datafield tag="082" ind1="1" ind2="4">
   <subfield code="a">428</subfield>
   <subfield code="b">C104PR</subfield>
  </datafield>
  <datafield tag="110" ind1="1" ind2="#">
   <subfield code="a">University of Cambridge</subfield>
  </datafield>
  <datafield tag="245" ind1="1" ind2="0">
   <subfield code="h">nguồn liệu điện tử]</subfield>
   <subfield code="a">Cambridge preliminary English test 3 audio CD set</subfield>
   <subfield code="b">authentic examination papers from Cambridge ESOL</subfield>
  </datafield>
  <datafield tag="260" ind1="#" ind2="#">
   <subfield code="a">Việt Nam</subfield>
   <subfield code="b">Fahasa Printing Factory</subfield>
   <subfield code="c">2014</subfield>
  </datafield>
  <datafield tag="300" ind1="#" ind2="#">
   <subfield code="a">2 CD</subfield>
   <subfield code="c">43/4 in.</subfield>
   <subfield code="e">sách</subfield>
  </datafield>
  <datafield tag="653" ind1="#" ind2="#">
   <subfield code="a">Bài kiểm tra</subfield>
  </datafield>
  <datafield tag="653" ind1="#" ind2="#">
   <subfield code="a">Đĩa CD</subfield>
  </datafield>
  <datafield tag="653" ind1="#" ind2="#">
   <subfield code="a">Tiếng Anh</subfield>
  </datafield>
  <datafield tag="653" ind1="#" ind2="#">
   <subfield code="a">Luyện thi</subfield>
  </datafield>
  <datafield tag="653" ind1="#" ind2="#">
   <subfield code="a">Cambridge</subfield>
  </datafield>
  <datafield tag="852" ind1="#" ind2="#">
   <subfield code="j">DPT.0002938</subfield>
   <subfield code="j">DPT.0002939</subfield>
   <subfield code="j">DPT.0002942</subfield>
   <subfield code="j">DPT.0002944</subfield>
   <subfield code="j">DPT.0002945</subfield>
   <subfield code="j">DPT.0002949</subfield>
   <subfield code="j">DPT.0002950</subfield>
   <subfield code="j">DPT.0002952</subfield>
   <subfield code="j">DPT.0002953</subfield>
   <subfield code="j">DPT.0002943</subfield>
   <subfield code="j">DPT.0002948</subfield>
   <subfield code="j">DPT.0002951</subfield>
   <subfield code="j">DPT.0002946</subfield>
   <subfield code="j">DPT.0002947</subfield>
   <subfield code="j">DPT.0004263</subfield>
   <subfield code="j">DPT.0004264</subfield>
  </datafield>
  <datafield tag="852" ind1="#" ind2="#">
   <subfield code="b">Kho đa phương tiện</subfield>
   <subfield code="j">DPT.0002938, DPT.0002939, DPT.0002940, DPT.0002941, DPT.0002942, DPT.0002943, DPT.0002944, DPT.0002945, DPT.0002946, DPT.0002947, DPT.0002948, DPT.0002949, DPT.0002950, DPT.0002951, DPT.0002952, DPT.0002953</subfield>
  </datafield>
  <datafield tag="910" ind1=" " ind2=" ">
   <subfield code="d">12/01/2015</subfield>
  </datafield>
  <datafield tag="980" ind1="#" ind2="#">
   <subfield code="a">Trung tâm Học liệu Lê Vũ Hùng, Trường Đại học Đồng Tháp</subfield>
  </datafield>
 </record>
</collection>
